|
|
|
|
| LEADER |
01573nam a2200433 a 4500 |
| 001 |
001329333 |
| 003 |
CZ BrMZK |
| 005 |
20131011072150.0 |
| 007 |
ta |
| 008 |
130924s2012 xo ab e 001 0 slo |
| 020 |
|
|
|a 978-80-224-1259-9
|q (brož.)
|
| 040 |
|
|
|a BOA001
|b cze
|
| 041 |
0 |
|
|a slo
|b eng
|
| 072 |
|
7 |
|a 811.16
|x Slovanské jazyky
|2 Konspekt
|9 11
|
| 080 |
|
|
|a 811.16
|2 MRF
|
| 080 |
|
|
|a 81'367.622
|2 MRF
|
| 080 |
|
|
|a 81'366.2
|2 MRF
|
| 080 |
|
|
|a 81'366
|2 MRF
|
| 080 |
|
|
|a (048.8)
|2 MRF
|
| 100 |
1 |
|
|a Žigo, Pavol,
|d 1953-
|7 mzk2003175518
|4 aut
|
| 245 |
1 |
0 |
|a Analógie a anomálie v substatívnej deklinácii slovanských jazykov /
|c Pavol Žigo
|
| 246 |
1 |
8 |
|a Analógie a anomálie
|
| 250 |
|
|
|a 1. vyd.
|
| 260 |
|
|
|a Bratislava :
|b Veda,
|c 2012
|
| 300 |
|
|
|a 176 s. :
|b il., mapy ;
|c 20 cm
|
| 500 |
|
|
|a Rozložená tit. s.
|
| 500 |
|
|
|a Nad názvem: Slovenská akadémia vied, Jazykovedný ústav Ľudovíta Štúra SAV
|
| 504 |
|
|
|a Obsahuje bibliografie, bibliografické odkazy a rejstříky
|
| 546 |
|
|
|a Anglické resumé
|
| 650 |
0 |
7 |
|a slovanské jazyky
|7 ph125652
|2 czenas
|
| 650 |
0 |
7 |
|a podstatná jména
|7 ph188863
|2 czenas
|
| 650 |
0 |
7 |
|a skloňování
|7 ph123498
|2 czenas
|
| 650 |
0 |
7 |
|a morfologie (lingvistika)
|7 ph139266
|2 czenas
|
| 655 |
|
7 |
|a monografie
|7 fd132842
|2 czenas
|
| 710 |
2 |
|
|a Slovenská akadémia vied.
|b Jazykovedný ústav Ľudovíta Štúra
|7 kn20020424006
|
| 910 |
|
|
|a BOA001
|b 1-1309.922
|
| 990 |
|
|
|a BK
|
| 991 |
|
|
|b 201310
|c NOV
|e n
|
| 996 |
7 |
|
|b 2610563506
|c 1-1309.922
|l MZK
|r Sklad / do 1 hodiny
|n 0
|p vým.
|w 001365026
|u 000010
|a 1
|e BOA001
|j MZK50
|s A
|